A ringing call to mission. (Record no. 9077)

000 -LEADER
fixed length control field 00520nam a2200181 a 4500
001 - CONTROL NUMBER
control field :::00006858$&:&@@
003 - CONTROL NUMBER IDENTIFIER
control field OkBaRHE
005 - DATE AND TIME OF LATEST TRANSACTION
control field 20000607103333.0
008 - FIXED-LENGTH DATA ELEMENTS--GENERAL INFORMATION
fixed length control field s1966 j 000 0 eng u
040 ## - CATALOGING SOURCE
Transcribing agency
100 1# - MAIN ENTRY--PERSONAL NAME
Personal name Walker, Alan.
245 12 - TITLE STATEMENT
Title A ringing call to mission.
260 ## - PUBLICATION, DISTRIBUTION, ETC. (IMPRINT)
Place of publication, distribution, etc New York, NY., :
Name of publisher, distributor, etc Abingdon Press
Date of publication, distribution, etc c1966
300 ## - PHYSICAL DESCRIPTION
Extent 127 p. ;
Dimensions 20 cm.
650 ## - SUBJECT ADDED ENTRY--TOPICAL TERM
Topical term or geographic name as entry element City Churches
942 ## - ADDED ENTRY ELEMENTS (KOHA)
Source of classification or shelving scheme
Koha item type Books
Copies
Date acquired Koha item type Source of classification or shelving scheme Withdrawn status Date last seen Permanent Location Damaged status Copy number Price effective from Not for loan Shelving location Barcode Full call number Lost status
2010-04-14Books  2010-04-14RHEMA Bible Training College 12010-04-14 General Stacks6858BV 637 .W3